| 000 | 00493nam a2200193Ia 4500 | ||
|---|---|---|---|
| 008 | 160319s9999 xx 000 0 und d | ||
| 020 | _a971-0454-08-2 | ||
| 050 | _aFIL KPM 856 | ||
| 050 | _b.C66 2008 | ||
| 245 | _aCommercial law / | ||
| 260 | _aValenzuela City: | ||
| 260 | _bWorld Class Printing and Packaging , | ||
| 260 | _c2008 | ||
| 300 | _a369 pages : | ||
| 300 | _billustrations ; | ||
| 300 | _c16 cm. | ||
| 650 | _aCommercial law -- Philippines. | ||
| 650 | _xPhilippines. | ||
| 999 |
_c291550 _d291550 |
||